000 00311nam a22001337a 4500
008 170712b xxu||||| |||| 00| 0 eng d
020 _a9780810377141
041 _aeng
080 _25 ED
_a030
100 _a23
101 _aENC
245 _aENCYCLOPEDIA AMERICAN RELIGIONS
_cMELTON.J.G
942 _2udc
_cBK
999 _c20394
_d20394